[Event "Krasnodar Region-ch"]
[Site "Krasnodar"]
[Date "2012.10.04"]
[Round "3"]
[White "Kashirin, Ivan"]
[Black "Gurianov, Daniil"]
[Result "1/2-1/2"]
[WhiteElo "1830"]
[BlackElo "1681"]
[PlyCount "126"]
[EventDate "2012.10.02"]
[EventType "swiss"]
[EventRounds "9"]
[EventCountry "RUS"]
[SourceTitle "EXT 2013"]
[Source "ChessBase"]
[SourceDate "2012.11.22"]
[SourceVersion "1"]
[SourceVersionDate "2012.11.22"]
[SourceQuality "1"]

1. e4 e5 2. Nf3 Nc6 3. Bb5 Nf6 4. 0-0 Nxe4 5. d4 Nd6 6. Bxc6 dxc6 7. dxe5 Nf5 8. Qxd8+ Kxd8 9. Nc3 Ke8 10. h3 Be6 11. g4 Ne7 12. Ng5 Bc4 13. Re1 h6 14. Nge4 Nd5 15. Nxd5 cxd5 16. b3 Bb5 17. a4 Bc6 18. Nd2 Bb4 19. Re2 Bc3 20. Rb1 b5 21. axb5 Bxb5 22. Re1 Kd7 23. f4 g5 24. Nf3 Bxe1 25. Nxe1 gxf4 26. Bxf4 h5 27. g5 Ke6 28. Ng2 Kf5 29. Kf2 d4 30. h4 Bc6 31. Bg3 Bxg2 32. Kxg2 Rab8 33. Rf1+ Ke6 34. Rf6+ Ke7 35. Rc6 Rb7 36. Bf4 a5 37. Kf3 Kd7 38. Rc4 Rb4 39. Rc5 d3 40. Rd5+ Kc8 41. Rxd3 Rd8 42. Rc3 Rdd4 43. Bg3 Kd7 44. e6+ Kxe6 45. Rxc7 a4 46. bxa4 Rxa4 47. Rc6+ Ke7 48. Rc7+ Ke8 49. Rc8+ Kd7 50. Rc7+ Ke8 51. Rc3 Rac4 52. Re3+ Kd7 53. c3 Rd5 54. Bf2 Rf5+ 55. Kg2 Rg4+ 56. Bg3 Rb5 57. Rd3+ Ke8 58. Re3+ Kf8 59. Rd3 Rb2+ 60. Kf3 Rb5 61. Bd6+ Ke8 62. Re3+ Kd7 63. Bg3 Rf5+ 1/2-1/2

[Event "Anapa op"]
[Site "Anapa"]
[Date "2012.08.30"]
[Round "1"]
[White "Kuznetsov, Mikhail"]
[Black "Kashirin, Ivan"]
[Result "1-0"]
[WhiteElo "2155"]
[BlackElo "1839"]
[PlyCount "137"]
[EventDate "2012.08.30"]
[EventType "swiss"]
[EventRounds "9"]
[EventCountry "RUS"]
[SourceTitle "CBM 150 Extra"]
[Source "ChessBase"]
[SourceDate "2012.10.19"]
[SourceVersion "1"]
[SourceVersionDate "2012.10.19"]
[SourceQuality "1"]

1. Nc3 d5 2. e4 d4 3. Nce2 e5 4. Nf3 Nc6 5. Ng3 Nf6 6. Bc4 Bd6 7. d3 0-0 8. Bd2 Bg4 9. h3 Bd7 10. 0-0 a6 11. Nh2 b5 12. Bb3 Ne8 13. Qh5 Nf6 14. Qe2 Ne7 15. Bg5 Ng6 16. Nf5 h6 17. Bd2 Bxf5 18. exf5 Nf4 19. Qf3 Qd7 20. g4 c6 21. Bxf4 exf4 22. Rfe1 Rfe8 23. Nf1 Rxe1 24. Rxe1 Re8 25. Rd1 Bc7 26. Nd2 c5 27. Kg2 Qd6 28. c3 Nd7 29. Qd5 Qxd5+ 30. Bxd5 Nf6 31. Bb7 a5 32. Bc6 Rb8 33. cxd4 cxd4 34. Nb3 b4 35. Nxd4 Be5 36. Nb3 Bxb2 37. Nxa5 Rd8 38. Nc4 Bd4 39. Rb1 Bc5 40. Rb3 g5 41. fxg6 fxg6 42. a3 bxa3 43. Nxa3 g5 44. Nc4 Bd4 45. Kf3 Kg7 46. Nd2 Rd6 47. Rb7+ Kf8 48. Be4 Bc3 49. Bf5 Bxd2 50. Rb2 Bc3 51. Rb7 Bd4 52. h4 Rd8 53. h5 Re8 54. Rb4 Ba7 55. Ra4 Re7 56. Ra6 Bd4 57. Ra8+ Kg7 58. Rd8 Bb6 59. Rd6 Bc5 60. Rc6 Bd4 61. Rd6 Be5 62. Ra6 Rb7 63. Re6 Bd4 64. Rd6 Rb4 65. Rd8 Ra4 66. Bg6 Ba7 67. Rc8 Ra2 68. Rc7+ Kg8 69. Bf7+ 1-0

[Event "Krasnodar Summer op"]
[Site "Krasnodar"]
[Date "2012.07.11"]
[Round "2"]
[White "Kashirin, Ivan"]
[Black "Sarian, Ashot"]
[Result "1-0"]
[WhiteElo "1839"]
[BlackElo "1709"]
[PlyCount "73"]
[EventDate "2012.07.10"]
[EventType "swiss"]
[EventRounds "9"]
[EventCountry "RUS"]
[SourceTitle "EXT 2013"]
[Source "ChessBase"]
[SourceDate "2012.11.22"]
[SourceVersion "1"]
[SourceVersionDate "2012.11.22"]
[SourceQuality "1"]

1. d4 e6 2. c4 f5 3. Nf3 d6 4. Nc3 Nf6 5. g3 Be7 6. Bg2 0-0 7. 0-0 Qe8 8. b4 c6 9. Qc2 Qg6 10. Bb2 Kh8 11. Rae1 d5 12. Ne5 Qe8 13. cxd5 cxd5 14. Qb3 a6 15. b5 Nbd7 16. Nd3 a5 17. Na4 Qd8 18. Rc1 Nb6 19. Nxb6 Qxb6 20. a4 Bd7 21. Nc5 Rac8 22. Ba3 Be8 23. Rc3 Bf7 24. Rfc1 Bd6 25. e3 Rc7 26. R1c2 Rfc8 27. Qb1 Ne4 28. Bxe4 fxe4 29. Nd7 Qa7 30. b6 Rxc3 31. bxa7 Rxc2 32. Qxc2 Ra8 33. Bxd6 Rxa7 34. Qc8+ Bg8 35. Be5 b6 36. Qe8 h6 37. Qe7 1-0

[Event "Krasnodar Region-ch"]
[Site "Krasnodar"]
[Date "2011.10.14"]
[Round "1"]
[White "Kashirin, Ivan"]
[Black "Rjabzev, Konstantin"]
[Result "0-1"]
[WhiteElo "1829"]
[BlackElo "2212"]
[PlyCount "54"]
[EventDate "2011.10.14"]
[EventType "swiss"]
[EventRounds "9"]
[EventCountry "RUS"]
[SourceTitle "EXT 2022"]
[Source "ChessBase"]
[SourceDate "2021.10.06"]
[SourceVersion "1"]
[SourceVersionDate "2021.10.06"]
[SourceQuality "1"]

1. d4 d6 2. c4 e5 3. dxe5 dxe5 4. Qxd8+ Kxd8 5. Nc3 Be6 6. e4 c6 7. Bg5+ Be7 8. 0-0-0+ Kc7 9. Be3 Nf6 10. h3 Nfd7 11. f4 f6 12. Nf3 a6 13. g4 b5 14. b3 b4 15. Na4 a5 16. Rg1 Na6 17. f5 Bf7 18. Rxd7+ Kxd7 19. Nb6+ Kc7 20. Nxa8+ Rxa8 21. g5 Rg8 22. h4 Bc5 23. Bxc5 Nxc5 24. Nd2 Kd6 25. Be2 Ke7 26. Kc2 Rd8 27. Rg3 Rxd2+ 0-1

[Event "Krasnodar Autumn Rating"]
[Site "Krasnodar"]
[Date "2010.12.01"]
[Round "12"]
[White "Golub, Sergey"]
[Black "Kashirin, Ivan"]
[Result "1-0"]
[WhiteElo "1907"]
[BlackElo "1805"]
[PlyCount "109"]
[EventDate "2010.11.25"]
[EventType "tourn"]
[EventRounds "13"]
[EventCountry "RUS"]
[SourceTitle "EXT 2022"]
[Source "ChessBase"]
[SourceDate "2021.10.06"]
[SourceVersion "1"]
[SourceVersionDate "2021.10.06"]
[SourceQuality "1"]

1. d4 d5 2. Nf3 Nf6 3. e3 e6 4. Nbd2 c5 5. c3 Nbd7 6. Bd3 Bd6 7. 0-0 0-0 8. Re1 Qc7 9. dxc5 Nxc5 10. Bc2 Rd8 11. h3 b6 12. b4 Nce4 13. Nxe4 dxe4 14. Nd2 Be5 15. Bb2 Bxc3 16. Bxc3 Qxc3 17. Nxe4 Rxd1 18. Nxc3 Rxa1 19. Rxa1 Bb7 20. Bb3 Rc8 21. Nb5 Bd5 22. Nxa7 Ra8 23. Bxd5 Nxd5 24. Nc6 Rc8 25. b5 Kf8 26. a4 Nc3 27. Ra3 Nd5 28. a5 bxa5 29. Rxa5 Ne7 30. Ne5 f6 31. Nd7+ Ke8 32. Nb6 Rc5 33. Na4 Rc1+ 34. Kh2 Rc8 35. Ra7 Rb8 36. b6 Kd8 37. e4 e5 38. h4 g6 39. Kg3 h6 40. f4 exf4+ 41. Kxf4 g5+ 42. hxg5 hxg5+ 43. Ke3 f5 44. exf5 Nxf5+ 45. Ke4 Ne7 46. g4 Rc8 47. Kd3 Rb8 48. Ra5 Nc6 49. Rxg5 Ke7 50. Rg7+ Kf6 51. Rc7 Rd8+ 52. Kc3 Ne7 53. Kc4 Ke6 54. Nc5+ Kd6 55. Nb7+ 1-0

[Event "Krasnodar Autumn Rating"]
[Site "Krasnodar"]
[Date "2010.11.30"]
[Round "10"]
[White "Kontsevik, Georgy"]
[Black "Kashirin, Ivan"]
[Result "0-1"]
[WhiteElo "1920"]
[BlackElo "1805"]
[PlyCount "42"]
[EventDate "2010.11.25"]
[EventType "tourn"]
[EventRounds "13"]
[EventCountry "RUS"]
[SourceTitle "EXT 2022"]
[Source "ChessBase"]
[SourceDate "2021.10.06"]
[SourceVersion "1"]
[SourceVersionDate "2021.10.06"]
[SourceQuality "1"]

1. e4 e5 2. Bc4 Nf6 3. Nf3 Nxe4 4. d4 d5 5. Bb3 exd4 6. Qxd4 Be6 7. 0-0 Nc6 8. Ba4 Qf6 9. Bxc6+ bxc6 10. Qa4 Bd7 11. Re1 Bc5 12. Bg5 Qxb2 13. Rxe4+ dxe4 14. Qxe4+ Kf8 15. Ne5 Qd4 16. Nxd7+ Qxd7 17. Nc3 Re8 18. Qf3 Qe6 19. Bd2 Qd6 20. Ne4 Qd4 21. Nxc5 Qxa1+ 0-1

[Event "Krasnodar Region-ch"]
[Site "Krasnodar"]
[Date "2010.10.24"]
[Round "9"]
[White "Ganizhev, Maxim"]
[Black "Kashirin, Ivan"]
[Result "1-0"]
[WhiteElo "1961"]
[BlackElo "1820"]
[PlyCount "47"]
[EventDate "2010.10.16"]
[EventType "swiss"]
[EventRounds "9"]
[EventCountry "RUS"]
[SourceTitle "EXT 2022"]
[Source "ChessBase"]
[SourceDate "2021.10.06"]
[SourceVersion "1"]
[SourceVersionDate "2021.10.06"]
[SourceQuality "1"]

1. e4 e5 2. Nf3 Nf6 3. Nxe5 d6 4. Nc4 Nxe4 5. Nc3 Nxc3 6. dxc3 Nc6 7. Bd3 d5 8. Qe2+ Be7 9. Ne5 Nxe5 10. Qxe5 0-0 11. Qh5 g6 12. Qf3 Bf6 13. Be3 c6 14. 0-0-0 Re8 15. Kb1 Be6 16. a3 Be7 17. g4 c5 18. Bb5 Rf8 19. h4 f5 20. g5 d4 21. cxd4 Bd5 22. Qe2 f4 23. dxc5 Bxg5 24. Rxd5 1-0

[Event "Krasnodar Summer"]
[Site "Krasnodar"]
[Date "2010.07.02"]
[Round "12"]
[White "Anokhin, Andrey"]
[Black "Kashirin, Ivan"]
[Result "1/2-1/2"]
[WhiteElo "1810"]
[BlackElo "1933"]
[PlyCount "113"]
[EventDate "2010.05.22"]
[EventType "tourn"]
[EventRounds "15"]
[EventCountry "RUS"]
[SourceTitle "EXT 2022"]
[Source "ChessBase"]
[SourceDate "2021.10.06"]
[SourceVersion "1"]
[SourceVersionDate "2021.10.06"]
[SourceQuality "1"]

1. Nf3 Nf6 2. c4 e6 3. e3 d5 4. b3 Be7 5. Bb2 0-0 6. d4 Nbd7 7. Bd3 c5 8. 0-0 b6 9. Nbd2 Bb7 10. Rc1 Rc8 11. Re1 dxc4 12. Nxc4 cxd4 13. Bxd4 Nc5 14. Be2 Nce4 15. Nce5 Bb4 16. Rf1 Nc3 17. Bxc3 Bxc3 18. Bb5 a6 19. Bd3 b5 20. Bb1 b4 21. Qe2 Qa5 22. Nc4 Qc7 23. Rfd1 Rfd8 24. Rxd8+ Rxd8 25. Rd1 Ne4 26. h3 g6 27. Rxd8+ Qxd8 28. Qd3 Qxd3 29. Bxd3 Nc5 30. Bc2 Bd5 31. Nce5 f6 32. Nd3 Ne4 33. Nf4 Nc5 34. Nxd5 exd5 35. Kf1 Ne6 36. Ke2 Kf7 37. Bd3 a5 38. Bb5 Ke7 39. g3 Kd6 40. Bd3 Nc5 41. Bc2 Ne6 42. Bd3 Nc7 43. Kd1 Ne6 44. Ke2 Kc5 45. Ba6 f5 46. Bd3 Bf6 47. h4 h5 48. Ba6 d4 49. exd4+ Nxd4+ 50. Nxd4 Kxd4 51. Kd2 g5 52. hxg5 Bxg5+ 53. Ke2 Kc3 54. Bb5 f4 55. Kf3 fxg3 56. fxg3 Kb2 57. Ba4 1/2-1/2